000 01293nkm a2200289 i 4500
001 3279
003 ES-MaACL
005 20251114135907.0
007 khrbo
008 050929s1983 sp --- g |001||spa d
100 0 _aAlfonso,
_d1902-1990
_919858
245 1 0 _aPresentación del libro de poemas "La soledad posible" de Antonio Aguado Centenera [
_hFotografía] /
_cAlfonso (sello).
260 _a[S.l. :
_bs.n.],
_c1983.
300 _a4 fot. :
_bb. y n. ;
_c12 x 18 cm.
500 _aDatos basados en invitación.
511 0 _aIntervienen: Rafael Morales, José Javier Aleixandre, Pilar Aroca, Rafael de Penagos.
518 _aActo organizado por la Sección de Literatura del Ateneo de Madrid , celebrado en la sala de conferencias el martes, 6 de diciembre de 1983, a las 20:00 h.
600 1 4 _aMorales, Rafael,
_d1919-2005
_983007
600 1 4 _aAleixandre, José Javier.
_919686
600 1 4 _aAroca, Pilar.
_923133
600 1 4 _aPenagos, Rafael de,
_d1924-2010
_990147
610 2 4 _aAteneo de Madrid-
_xActos culturales-
_y1983-
_vFotografías.
_91896
710 2 _aAteneo de Madrid.
_bSección de Literatura.
_91997
852 _aES-MaACL
_jFOT 145/1983
856 4 _uhttp://www.ateneodemadrid.net/biblioteca_digital/imagenes/1983/0145-1983.jpg
_zVer imagen
999 _c3279
_d3279